| 000 | 00646nam a22002297a 4500 | ||
|---|---|---|---|
| 005 | 20251103143149.0 | ||
| 008 | 251031b |||||||| |||| 00| 0 eng d | ||
| 020 | _a9789389000221 | ||
| 040 | _cAL | ||
| 041 | _aEnglish | ||
| 082 |
_a813.6 _bMILS |
||
| 100 |
_aMadline Miller _9243527 |
||
| 245 | _aSong of achilles | ||
| 260 |
_aNew York _bBloomsbury _c2019 |
||
| 300 |
_a352p. _bPB _c20x13cm. |
||
| 365 |
_a4241 _b₹479.20 _c₹ _d₹599.00 _e20% _f25-10-2025 |
||
| 650 |
_a English Fiction _9243420 |
||
| 650 |
_aGreeks Turkey Fiction _9243528 |
||
| 650 |
_aWar stories _9243529 |
||
| 650 |
_aHistorical fiction _9243530 |
||
| 942 |
_2ddc _cBK |
||
| 999 |
_c240631 _d240631 |
||